[Event "45 MFSz im. A.Rubinsteina - B"]
[Site "Polanica Zdroj"]
[Date "2009.08.25"]
[Round "8.15"]
[White "Warchol, Maria"]
[Black "Wiewiora, Eneasz"]
[Result "0-1"]
[WhiteElo "1834"]
[BlackElo "2056"]
[PlyCount "38"]
[EventDate "2009.??.??"]

1. e4 Nc6 2. d4 d5 3. e5 Bf5 4. c3 Qd7 5. Bd3 O-O-O 6. Nf3 f6 7. exf6 gxf6 8.
Be3 Bxd3 9. Qxd3 e5 10. dxe5 fxe5 11. Qd2 Nf6 12. O-O Rg8 13. Kh1 Rxg2 14. Rg1
Rxg1+ 15. Nxg1 e4 16. b4 Bd6 17. Bg5 Qf5 18. Bxf6 Qxf6 19. Na3 Bxb4 0-1

[Event "45 MFSz im. A.Rubinsteina - B"]
[Site "Polanica Zdroj"]
[Date "2009.08.25"]
[Round "8.17"]
[White "Musialkiewicz, Pawel"]
[Black "Mondrzycki, Bartlomiej"]
[Result "1/2-1/2"]
[WhiteElo "1838"]
[BlackElo "2021"]
[PlyCount "42"]
[EventDate "2009.??.??"]

1. e4 c5 2. c3 Nf6 3. e5 Nd5 4. d4 cxd4 5. Nf3 Nc6 6. cxd4 d6 7. Bc4 e6 8. O-O
Qc7 9. Bxd5 exd5 10. Nc3 Be6 11. Nb5 Qd7 12. exd6 Bxd6 13. Nxd6+ Qxd6 14. Re1
O-O 15. Ne5 Rfc8 16. Nxc6 Rxc6 17. Bd2 Rac8 18. Bc3 Bf5 19. Qe2 h6 20. Qe5 Qd7
21. Qe7 R6c7 1/2-1/2

[Event "45 MFSz im. A.Rubinsteina - B"]
[Site "Polanica Zdroj"]
[Date "2009.08.25"]
[Round "8.18"]
[White "Mucha, Magdalena"]
[Black "Bes, Michal"]
[Result "1/2-1/2"]
[WhiteElo "1787"]
[BlackElo "1983"]
[PlyCount "45"]
[EventDate "2009.??.??"]

1. e4 c6 2. d4 d5 3. Nc3 dxe4 4. Nxe4 Nd7 5. Nf3 Ngf6 6. Nxf6+ Nxf6 7. c3 Bf5
8. Bc4 e6 9. O-O Bd6 10. Re1 Qc7 11. Ne5 O-O-O 12. Qe2 Nd5 13. h3 h5 14. Bb3
Kb8 15. Bc2 Bxc2 16. Qxc2 Rdg8 17. c4 Nb4 18. Qb3 g5 19. c5 Bxe5 20. Rxe5 Nd5
21. Rxg5 f6 22. Rxg8+ Rxg8 23. Qf3 1/2-1/2

[Event "45 MFSz im. A.Rubinsteina - B"]
[Site "Polanica Zdroj"]
[Date "2009.08.25"]
[Round "8.20"]
[White "Malec, Robert"]
[Black "Kacprzak, Robert"]
[Result "1/2-1/2"]
[WhiteElo "1810"]
[BlackElo "1906"]
[PlyCount "50"]
[EventDate "2009.??.??"]

1. e4 Nc6 2. d4 e5 3. d5 Nce7 4. Nf3 Ng6 5. c4 Bc5 6. Bd3 Nf6 7. O-O d6 8. Nc3
a6 9. Rb1 Bg4 10. b4 Ba7 11. Be3 Bxe3 12. fxe3 O-O 13. c5 Qe7 14. Na4 Nxd5 15.
exd5 e4 16. Bxe4 Qxe4 17. Qd4 Bxf3 18. gxf3 Qxd4 19. exd4 Nf4 20. cxd6 cxd6 21.
Nb6 Rad8 22. Rfe1 Rfe8 23. Re4 Rxe4 24. fxe4 Ne2+ 25. Kf2 Nc3 1/2-1/2

[Event "45 MFSz im. A.Rubinsteina - B"]
[Site "Polanica Zdroj"]
[Date "2009.08.25"]
[Round "8.22"]
[White "Jarus, Grzegorz"]
[Black "Dzieczkaniec, Piotr"]
[Result "0-1"]
[WhiteElo "1860"]
[BlackElo "2031"]
[PlyCount "120"]
[EventDate "2009.??.??"]

1. d4 d5 2. Nf3 Nf6 3. c4 dxc4 4. Nc3 a6 5. a4 Nc6 6. e3 Na5 7. Ne5 e6 8. Nxc4
c5 9. Be2 cxd4 10. exd4 Bb4 11. O-O Nc6 12. Be3 O-O 13. Qb3 Nd5 14. Nxd5 exd5
15. Ne5 Bd6 16. Nf3 Bg4 17. h3 Bf5 18. Bd3 Na5 19. Qd1 Qd7 20. Bxf5 Qxf5 21.
Rc1 Nc4 22. Qc2 Nxe3 23. fxe3 Qe6 24. Qd3 Rfe8 25. Ng5 Qxe3+ 26. Qxe3 Rxe3 27.
Nxf7 Bg3 28. Ne5 Rf8 29. Rxf8+ Kxf8 30. Nf3 Rb3 31. Rb1 Ke7 32. Kf1 Kf6 33. Ke2
Bd6 34. Kd2 Bb4+ 35. Kc2 Re3 36. Rf1 Kf5 37. g3 Ke4 38. Ne5 Kxd4 39. Rf4+ Kxe5
40. Rxb4 b5 41. axb5 axb5 42. Rg4 g6 43. Rh4 Rxg3 44. Rxh7 Kd6 45. h4 Kc5 46.
Rg7 Rg4 47. Rh7 Kc4 48. b3+ Kd4 49. h5 Rg2+ 50. Kb1 Kc3 51. Rc7+ Kxb3 52. h6
Rh2 53. h7 b4 54. Kc1 d4 55. Rd7 g5 56. Rxd4 Rxh7 57. Rd3+ Kc4 58. Rg3 Rg7 59.
Kc2 g4 60. Kb2 Kd4 0-1

[Event "45 MFSz im. A.Rubinsteina - B"]
[Site "Polanica Zdroj"]
[Date "2009.08.25"]
[Round "8.24"]
[White "Ulanowski, Karol"]
[Black "Wielosz, Jaroslaw"]
[Result "1/2-1/2"]
[WhiteElo "1777"]
[BlackElo "1963"]
[PlyCount "90"]
[EventDate "2009.??.??"]

1. e4 c5 2. Nf3 e6 3. d4 cxd4 4. Nxd4 a6 5. Nc3 Nc6 6. Nxc6 bxc6 7. Bd3 d5 8.
O-O Bb7 9. Re1 Nf6 10. e5 Nd7 11. Qg4 g6 12. Bg5 Qb6 13. Na4 Qb4 14. Qxb4 Bxb4
15. c3 Ba5 16. b4 Bc7 17. Nc5 h6 18. Nxd7 Kxd7 19. Bf6 Rhb8 20. a4 c5 21. bxc5
Ba5 22. Rec1 Bc6 23. Ra3 Rb2 24. Bg7 h5 25. Bh6 Bc7 26. Bf4 a5 27. c4 d4 28.
Rd1 g5 29. Bxg5 Rg8 30. h4 Bxe5 31. g3 Rgb8 32. Bc1 R2b4 33. Re1 Bc7 34. Be2
Rh8 35. Bg5 Rxa4 36. Rxa4 Bxa4 37. Bf6 Rh6 38. Bxd4 f5 39. f4 Bc2 40. Bf3 a4
41. Bd1 Ba5 42. Rf1 Bxd1 43. Rxd1 Kc6 44. Ra1 Rh7 45. Rxa4 Ra7 1/2-1/2

[Event "45 MFSz im. A.Rubinsteina - B"]
[Site "Polanica Zdroj"]
[Date "2009.08.25"]
[Round "8.25"]
[White "Skrzypczak, Anna"]
[Black "Wozniak, Bartosz"]
[Result "1-0"]
[WhiteElo "1959"]
[BlackElo "1770"]
[PlyCount "38"]
[EventDate "2009.??.??"]

1. e4 c5 2. Nf3 Nc6 3. Bb5 Nf6 4. Bxc6 dxc6 5. d3 g6 6. Nc3 Bg7 7. Be3 b6 8. h3
O-O 9. Qd2 Ba6 10. Bh6 Qc7 11. h4 Bxh6 12. Qxh6 Ng4 13. Qd2 h5 14. O-O-O Rad8
15. Ng5 e5 16. f3 Nf6 17. Qe2 b5 18. Qe3 b4 19. Ne2 Qa5 1-0

[Event "45 MFSz im. A.Rubinsteina - B"]
[Site "Polanica Zdroj"]
[Date "2009.08.25"]
[Round "8.26"]
[White "Gorecki, Janusz"]
[Black "Jankowski, Aleksander"]
[Result "1/2-1/2"]
[WhiteElo "1928"]
[BlackElo "1737"]
[PlyCount "42"]
[EventDate "2009.??.??"]

1. e4 e6 2. d4 d5 3. exd5 exd5 4. Bd3 Nc6 5. c3 Nf6 6. Bg5 Be6 7. Nf3 h6 8.
Bxf6 Qxf6 9. O-O Bd6 10. Re1 O-O 11. Qc2 Rfe8 12. Nbd2 Re7 13. Rad1 Rae8 14.
Bh7+ Kf8 15. Bd3 Bg4 16. Rxe7 Nxe7 17. Re1 Bh5 18. Ne5 Bxe5 19. Rxe5 Bg6 20.
Nf3 c6 21. Re1 Bxd3 1/2-1/2

[Event "45 MFSz im. A.Rubinsteina - B"]
[Site "Polanica Zdroj"]
[Date "2009.08.25"]
[Round "8.27"]
[White "Wozniak, Dawid"]
[Black "Siedlanowski, Lukasz"]
[Result "0-1"]
[WhiteElo "1894"]
[BlackElo "1688"]
[PlyCount "52"]
[EventDate "2009.??.??"]

1. d4 d5 2. c4 e5 3. dxe5 d4 4. e3 Bb4+ 5. Bd2 dxe3 6. Bxb4 exf2+ 7. Ke2
fxg1=N+ 8. Ke1 Qh4+ 9. Kd2 Qf4+ 10. Kc3 Bg4 11. Qe1 Nc6 12. Bc5 Ne2+ 13. Bxe2
Qxe5+ 14. Kc2 Bxe2 15. Nc3 Qxc5 16. Qxe2+ Nge7 17. Rad1 O-O 18. Kb1 Rad8 19.
Rde1 Qf5+ 20. Ne4 Nd4 21. Qe3 Qg6 22. g4 Nec6 23. a3 Ne5 24. Qf4 Nd3 25. Qxc7
Nxe1 26. Rxe1 Nf3 0-1

[Event "45 MFSz im. A.Rubinsteina - B"]
[Site "Polanica Zdroj"]
[Date "2009.08.25"]
[Round "8.28"]
[White "Szolc, Grzegorz"]
[Black "Latocha, Aleksander"]
[Result "1/2-1/2"]
[WhiteElo "1644"]
[BlackElo "1867"]
[PlyCount "47"]
[EventDate "2009.??.??"]

1. e4 c5 2. Nf3 e6 3. d4 cxd4 4. Nxd4 Nf6 5. Nc3 d6 6. Be3 Nc6 7. Be2 Be7 8.
Qd2 a6 9. O-O-O Qc7 10. f3 Nxd4 11. Qxd4 b5 12. Qb6 Qxb6 13. Bxb6 Bb7 14. Bd4
O-O-O 15. e5 dxe5 16. Bxe5 Nd5 17. Nxd5 Rxd5 18. Rxd5 Bxd5 19. a4 f6 20. Bd4 e5
21. Be3 Bc6 22. axb5 axb5 23. Bd3 g6 24. h4 1/2-1/2

[Event "45 MFSz im. A.Rubinsteina - B"]
[Site "Polanica Zdroj"]
[Date "2009.08.25"]
[Round "8.30"]
[White "Reichert, Jakub"]
[Black "Spyra, Wojciech"]
[Result "0-1"]
[WhiteElo "1760"]
[BlackElo "2000"]
[PlyCount "35"]
[EventDate "2009.??.??"]

1. d4 d5 2. c4 e6 3. Nc3 Nf6 4. Bg5 Be7 5. e3 O-O 6. f4 h6 7. Bxf6 Bxf6 8. Nf3
c5 9. cxd5 cxd4 10. exd4 exd5 11. Bd3 Bg4 12. O-O Nc6 13. Be2 Be6 14. Qd2 Qb6
15. Rad1 Rfd8 16. Ne5 Nxe5 17. fxe5 Bxe5 18. Na4 {dalszy zapis nieczytelny.}
0-1

[Event "45 MFSz im. A.Rubinsteina - B"]
[Site "Polanica Zdroj"]
[Date "2009.08.25"]
[Round "8.32"]
[White "Klimek, Marcin"]
[Black "Cukrowski, Filip"]
[Result "0-1"]
[WhiteElo "1701"]
[BlackElo "1854"]
[PlyCount "52"]
[EventDate "2009.??.??"]

1. e4 c5 2. d4 cxd4 3. c3 d5 4. exd5 Qxd5 5. cxd4 Nc6 6. Be3 e6 7. Nc3 Qd8 8.
d5 exd5 9. Qxd5 Be6 10. Qxd8+ Rxd8 11. Bb5 a6 12. Bxc6+ bxc6 13. Nge2 Bb4 14.
O-O Ne7 15. Rac1 O-O 16. a3 Bd6 17. Ne4 Be5 18. N2c3 Nd5 19. Bc5 Rfe8 20. Na4
Nf4 21. Nec3 Bxc3 22. Nxc3 Nd3 23. Bb6 Rb8 24. Rcd1 Nxb2 25. Bc7 Nxd1 26. Rxd1
Rb3 0-1

[Event "45 MFSz im. A.Rubinsteina - B"]
[Site "Polanica Zdroj"]
[Date "2009.08.25"]
[Round "8.33"]
[White "Prazmowski, Bartosz"]
[Black "Oszczanowski, Witold"]
[Result "1-0"]
[WhiteElo "1807"]
[BlackElo "1679"]
[PlyCount "73"]
[EventDate "2009.??.??"]

1. d4 Nf6 2. c4 c5 3. d5 b5 4. cxb5 a6 5. b6 d6 6. Nc3 Qxb6 7. e4 g6 8. Bc4 Bg7
9. Nge2 O-O 10. Qb3 Qc7 11. O-O Nbd7 12. f4 Nb6 13. e5 Nxc4 14. exf6 Na5 15.
fxg7 Nxb3 16. gxf8=Q+ Kxf8 17. axb3 Qb6 18. Kh1 Qxb3 19. Ng3 Bb7 20. f5 f6 21.
fxg6 hxg6 22. Ra3 Qb6 23. Ra4 Kg7 24. Rg4 Bc8 25. Re4 Qc7 26. Rfe1 Ra7 27. Nd1
Qb7 28. Nc3 Qc7 29. h3 Qb7 30. Kh2 Qc7 31. Bf4 Qb7 32. Na4 Kf7 33. Rxe7+ Qxe7
34. Rxe7+ Kxe7 35. Nb6 Bf5 36. Nxf5+ gxf5 37. Nc8+ 1-0

[Event "45 MFSz im. A.Rubinsteina - B"]
[Site "Polanica Zdroj"]
[Date "2009.08.25"]
[Round "8.34"]
[White "Graczyk, Konrad"]
[Black "Korcz, Daniel"]
[Result "1/2-1/2"]
[WhiteElo "1907"]
[BlackElo "1743"]
[PlyCount "53"]
[EventDate "2009.??.??"]

1. d4 Nf6 2. Nf3 g6 3. g3 Bg7 4. Bg2 O-O 5. O-O d5 6. Bf4 Nbd7 7. Nbd2 Nh5 8.
Rc1 Nxf4 9. gxf4 Nf6 10. c4 c6 11. Qb3 Qb6 12. Qxb6 axb6 13. a3 Bg4 14. Rfe1 e6
15. Ne5 Bh5 16. Rc3 Rfd8 17. e3 dxc4 18. Rxc4 b5 19. Rc2 Nd5 20. Bxd5 exd5 21.
h3 f6 22. Nd3 g5 23. fxg5 fxg5 24. Nc5 Ra7 25. Ne6 Rd6 26. Nxg7 Kxg7 27. Rec1
1/2-1/2

[Event "45 MFSz im. A.Rubinsteina - B"]
[Site "Polanica Zdroj"]
[Date "2009.08.25"]
[Round "8.35"]
[White "Chmielewska, Joanna"]
[Black "Gola, Karolina"]
[Result "1-0"]
[WhiteElo "1713"]
[BlackElo "1908"]
[PlyCount "61"]
[EventDate "2009.??.??"]

1. e4 c5 2. Nf3 e6 3. d4 cxd4 4. Nxd4 a6 5. Bd3 Qc7 6. O-O Nc6 7. Be3 Nf6 8.
Nc3 Be7 9. Kh1 O-O 10. f4 d6 11. Nxc6 bxc6 12. Qf3 e5 13. f5 Bb7 14. Bg5 Rfd8
15. Bxf6 Bxf6 16. Ne2 d5 17. Ng3 Qe7 18. Qg4 Kh8 19. Nh5 Rac8 20. Rf3 c5 21. c3
c4 22. Bc2 d4 23. Raf1 d3 24. Ba4 Rd6 25. Rg3 Rg8 26. b3 cxb3 27. Bxb3 Qc7 28.
Nxf6 Rxf6 29. Rxd3 g6 30. Qh4 Qe7 31. Rfd1 1-0

[Event "45 MFSz im. A.Rubinsteina - B"]
[Site "Polanica Zdroj"]
[Date "2009.08.25"]
[Round "8.36"]
[White "Gabrys, Sebastian"]
[Black "Ziemba, Artur"]
[Result "1/2-1/2"]
[WhiteElo "1877"]
[BlackElo "1638"]
[PlyCount "42"]
[EventDate "2009.??.??"]

1. e4 c5 2. Nf3 d6 3. d4 cxd4 4. Nxd4 Nf6 5. Nc3 a6 6. Bg5 e6 7. f4 Nc6 8. Nb3
Be7 9. Qf3 Qc7 10. O-O-O b5 11. f5 Ne5 12. Qf4 O-O 13. Bxf6 Bxf6 14. g4 Qe7 15.
Kb1 Bb7 16. Bd3 Rac8 17. h4 Bxh4 18. Qh2 g5 19. Nd4 b4 20. Nce2 Nxg4 21. Qg1
Nf2 1/2-1/2

[Event "45 MFSz im. A.Rubinsteina - B"]
[Site "Polanica Zdroj"]
[Date "2009.08.25"]
[Round "8.37"]
[White "Ostalska, Natalia"]
[Black "Pac, Maciej"]
[Result "1-0"]
[WhiteElo "1530"]
[BlackElo "1830"]
[PlyCount "63"]
[EventDate "2009.??.??"]

1. e4 c5 2. c3 Nf6 3. e5 Nd5 4. d4 e6 5. Nf3 Nc6 6. Bc4 Nb6 7. Bb3 c4 8. Bc2
Be7 9. Qe2 Qc7 10. Nbd2 Na5 11. Ne4 d5 12. exd6 Bxd6 13. Nxd6+ Qxd6 14. Ne5 Qe7
15. Qf3 Nd7 16. Ba4 O-O 17. Bxd7 Bxd7 18. b4 Nc6 19. Nxc4 Nxd4 20. cxd4 Qxb4+
21. Nd2 Qxd4 22. Nb3 Qe5+ 23. Qe3 Qf6 24. O-O Bc6 25. Qg5 Qxg5 26. Bxg5 f6 27.
Be3 e5 28. Na5 Bd5 29. Rfd1 Rfd8 30. Rd2 Kf7 31. Rad1 Ke6 32. Nxb7 1-0

[Event "45 MFSz im. A.Rubinsteina - B"]
[Site "Polanica Zdroj"]
[Date "2009.08.25"]
[Round "8.38"]
[White "Kowara, Magdalena"]
[Black "Wozniak, Grzegorz"]
[Result "1-0"]
[WhiteElo "1826"]
[BlackElo "1570"]
[PlyCount "71"]
[EventDate "2009.??.??"]

1. e4 c5 2. Nf3 Nc6 3. Bb5 Nf6 4. Qe2 a6 5. Bxc6 dxc6 6. e5 Nd5 7. Qc4 e6 8.
O-O Qb6 9. a3 Bd7 10. Nc3 Nxc3 11. bxc3 Qc7 12. d3 Be7 13. Qg4 g6 14. Bg5 Qd8
15. Qf4 Bxg5 16. Nxg5 Qe7 17. Ne4 O-O 18. Qh6 f5 19. exf6 Rxf6 20. Nxf6+ Qxf6
21. Rab1 b5 22. c4 Qc3 23. Qg5 Kf7 24. Qxc5 Qa5 25. Qd6 Qd8 26. Rbe1 Qe7 27.
Qd4 c5 28. Qe4 Ra7 29. Re3 Rc7 30. Qe5 $2 (30. Qf4+) 30... Rc8 31. Rfe1 h5 32.
Rf3+ Kg8 33. Rg3 Kh7 34. Qe4 Qg7 35. Rg5 Kh8 36. Rxg6 1-0

[Event "45 MFSz im. A.Rubinsteina - B"]
[Site "Polanica Zdroj"]
[Date "2009.08.25"]
[Round "8.39"]
[White "Stepniewski, Jerzy"]
[Black "Kustal, Emilia"]
[Result "1-0"]
[WhiteElo "1814"]
[BlackElo "1603"]
[PlyCount "75"]
[EventDate "2009.??.??"]

1. Nf3 Nf6 2. d3 e6 3. c3 d5 4. g3 b6 5. Bg2 Bb7 6. O-O Be7 7. e3 O-O 8. Nbd2
Nbd7 9. d4 c5 10. Re1 Qc7 11. Nf1 Rac8 12. Kh1 Ba6 13. Ng5 h6 14. Nh3 Bd6 15.
g4 Bxf1 16. Rxf1 cxd4 17. exd4 b5 18. a3 a5 19. g5 hxg5 20. Bxg5 b4 21. axb4
axb4 22. Rc1 Qa5 23. Ra1 Qc7 24. Bd2 bxc3 25. bxc3 Ra8 26. Qe2 Nb6 27. Rxa8
Rxa8 28. Be1 Na4 29. c4 Rb8 30. c5 Bf4 31. f3 Nh5 32. Qa6 Nb2 33. Ba5 Qb7 34.
Qxb7 Rxb7 35. Nxf4 Nxf4 36. c6 Ra7 37. c7 Ra8 38. Rb1 1-0

[Event "45 MFSz im. A.Rubinsteina - B"]
[Site "Polanica Zdroj"]
[Date "2009.08.25"]
[Round "8.40"]
[White "Grochocinska, Urszula"]
[Black "Eggink, Mateusz"]
[Result "1/2-1/2"]
[WhiteElo "1711"]
[BlackElo "1756"]
[PlyCount "60"]
[EventDate "2009.??.??"]

1. e4 c5 2. c3 d5 3. exd5 Qxd5 4. d4 Nc6 5. Nf3 Bg4 6. Be2 cxd4 7. cxd4 e6 8.
O-O Nf6 9. Nc3 Qd7 10. Be3 Bd6 11. Qd2 O-O 12. Rad1 Rad8 13. Bg5 Be7 14. Ne5
Nxe5 15. dxe5 Qxd2 16. Rxd2 Bxe2 17. Rxe2 Nd5 18. Bxe7 Nxe7 19. Nb5 Nc6 20. Nd6
Nxe5 21. Nxb7 Rd5 22. Rc2 g6 23. Rc5 Rb8 24. Rxd5 exd5 25. Nc5 Rxb2 26. h3 d4
27. Rd1 Nc6 28. Nb3 Rxa2 29. Nxd4 Nxd4 30. Rxd4 Kg7 1/2-1/2

[Event "45 MFSz im. A.Rubinsteina - B"]
[Site "Polanica Zdroj"]
[Date "2009.08.25"]
[Round "8.41"]
[White "Dadello, Aleksandra"]
[Black "Zajaczkowski, Gwidon"]
[Result "1-0"]
[WhiteElo "1731"]
[BlackElo "1739"]
[PlyCount "41"]
[EventDate "2009.??.??"]

1. e4 e5 2. Nf3 Nc6 3. Bc4 Nf6 4. d4 d6 5. dxe5 Nxe4 6. Qd5 Be6 7. Qxe4 Bxc4 8.
Qxc4 Nxe5 9. Nxe5 dxe5 10. Qb5+ c6 11. Qxe5+ Be7 12. O-O O-O 13. Nc3 Bd6 14.
Qg5 f6 15. Qh5 Qd7 16. Be3 g5 17. Rad1 Qc7 18. Ne4 Be5 19. c3 Rae8 20. Nc5 b6
21. Rd7 1-0

[Event "45 MFSz im. A.Rubinsteina - B"]
[Site "Polanica Zdroj"]
[Date "2009.08.25"]
[Round "8.43"]
[White "Wolski, Jerzy"]
[Black "Kowalczyk, Adam"]
[Result "0-1"]
[WhiteElo "1993"]
[BlackElo "1745"]
[PlyCount "62"]
[EventDate "2009.??.??"]

1. c4 e5 2. Nc3 d6 3. g3 f5 4. Bg2 Nf6 5. e3 c6 6. Nge2 Be6 7. d3 Nbd7 8. O-O
Be7 9. Rb1 d5 10. cxd5 Nxd5 11. Nxd5 Bxd5 12. Bxd5 cxd5 13. Nc3 Nf6 14. Qa4+
Qd7 15. Bd2 Qxa4 16. Nxa4 Rc8 17. Rbc1 O-O 18. f3 Rfd8 19. Kf2 Kf7 20. a3 Nd7
21. Nc3 Nc5 22. Ke2 Nb3 23. Rcd1 d4 24. Nb1 Rc2 25. f4 e4 26. exd4 Rxd4 27.
dxe4 fxe4 28. Ke1 Rd3 29. Rh1 Rxb2 30. h4 Nxd2 31. Nxd2 e3 0-1

[Event "45 MFSz im. A.Rubinsteina - B"]
[Site "Polanica Zdroj"]
[Date "2009.08.25"]
[Round "8.44"]
[White "Zak, Pawel"]
[Black "Zysko, Teresa"]
[Result "1/2-1/2"]
[WhiteElo "1792"]
[BlackElo "1699"]
[PlyCount "93"]
[EventDate "2009.??.??"]

1. b4 e5 2. a3 d5 3. Bb2 Bd6 4. Nf3 Qe7 5. e3 Nf6 6. c4 c6 7. Be2 O-O 8. O-O
Nbd7 9. d3 b6 10. Nbd2 Bb7 11. Qb3 c5 12. b5 e4 13. Ne1 exd3 14. Qxd3 Rfe8 15.
Bf3 Ne5 16. Bxe5 Bxe5 17. Rd1 d4 18. exd4 Bxd4 19. Nc2 Rad8 20. Nxd4 Rxd4 21.
Qc3 Red8 22. Qc2 h6 23. Bxb7 Qxb7 24. Nf3 Rxd1 25. Rxd1 Rxd1+ 26. Qxd1 Qd7 27.
Qxd7 Nxd7 28. Kf1 Kf8 29. Ke2 Ke7 30. Ke3 Kd6 31. Kf4 Ke6 32. h4 f5 33. Nd2 g6
34. f3 Ne5 35. Ke3 g5 36. hxg5 hxg5 37. g3 Nf7 38. Nb3 Nd6 39. Nd2 Ke5 40. f4+
gxf4+ 41. gxf4+ Kf6 42. Kd3 Kg6 43. Nf3 Kh5 44. Ne5 Kh4 45. Ke2 Kg3 46. Ke3 Kg2
47. Ke2 1/2-1/2

[Event "45 MFSz im. A.Rubinsteina - B"]
[Site "Polanica Zdroj"]
[Date "2009.08.25"]
[Round "8.45"]
[White "Szczurek, Natalia"]
[Black "Wrzalek, Piotr"]
[Result "1-0"]
[WhiteElo "1738"]
[BlackElo "1600"]
[PlyCount "43"]
[EventDate "2009.??.??"]

1. e4 e5 2. Nf3 d5 3. exd5 e4 4. Qe2 f5 5. d3 Qxd5 6. Nc3 Bb4 7. Bd2 Bxc3 8.
Bxc3 Ne7 9. dxe4 fxe4 10. Nd2 Bf5 11. Qh5+ g6 12. Qh6 e3 13. Qxe3 Rf8 14. Bc4
Qxg2 15. O-O-O Bd7 16. Bb4 Nbc6 17. Bxe7 Nxe7 18. Rhe1 O-O-O 19. Qxe7 Qxf2 20.
Rf1 Qxd2+ 21. Rxd2 Rxf1+ 22. Bxf1 1-0

[Event "45 Miedzynarodowy Festiwal Szachowy im."]
[Site "Polanica Zdroj - Nasz Dom"]
[Date "2009.08.26"]
[Round "9.3"]
[White "Jagiela, Piotr"]
[Black "Golek, Jagoda"]
[Result "0-1"]
[WhiteElo "1939"]
[BlackElo "2040"]
[PlyCount "76"]
[EventDate "2009.??.??"]

1. e4 d6 2. d4 Nf6 3. Nc3 c6 4. f4 Qa5 5. Bd3 e5 6. Nf3 Bg4 7. Bd2 Qc7 8. d5
Nbd7 9. h3 Bxf3 10. Qxf3 a6 11. O-O c5 12. b3 exf4 13. Bxf4 Ne5 14. Qe2 Nfd7
15. Nd1 Be7 16. c3 Bf6 17. Bc2 O-O 18. Qd2 b5 19. Ne3 Rfe8 20. Rf2 b4 21. cxb4
Nf3+ 22. Rxf3 Bxa1 23. Nf5 Be5 24. bxc5 Qxc5+ 25. Be3 Qc7 26. Bd4 Bxd4+ 27.
Nxd4 Ne5 28. Rg3 g6 29. Nf5 Kh8 30. Qh6 f6 31. Qh4 Rf8 32. Ne3 Rac8 33. Kh2 Qa7
34. Qh6 Rf7 35. Bd1 Rc1 36. h4 Qd4 37. Qf4 Rxd1 38. Nxd1 Qxd1 0-1

[Event "45 Miedzynarodowy Festiwal Szachowy im."]
[Site "Polanica Zdroj - Nasz Dom"]
[Date "2009.08.26"]
[Round "9.4"]
[White "Solnicki, Michal"]
[Black "Dowgird, Filip"]
[Result "0-1"]
[WhiteElo "2031"]
[BlackElo "2011"]
[PlyCount "88"]
[EventDate "2009.??.??"]

1. d4 Nf6 2. Nf3 d6 3. c4 Nbd7 4. Nc3 e5 5. e4 Be7 6. g3 O-O 7. Bg2 c6 8. O-O
a6 9. dxe5 dxe5 10. Qe2 Qc7 11. Rd1 Nc5 12. b4 Ne6 13. a3 b5 14. Bb2 Nd7 15.
Rac1 Qb8 16. c5 Re8 17. Rc2 a5 18. Rcd2 axb4 19. axb4 Ndf8 20. Qe3 f6 21. h4
Ng6 22. h5 Nh8 23. Bf1 Nf7 24. Nh4 Nd4 25. Ne2 Nxe2+ 26. Bxe2 Be6 27. Nf5 Bf8
28. h6 g6 29. Ng7 Bxg7 30. hxg7 Qc7 31. f4 Red8 32. Bd3 Ra4 33. f5 gxf5 34.
exf5 Bb3 35. Ra1 Rxb4 36. Bc3 Ra4 37. Rb1 Bc4 38. Bxc4 Rxc4 39. Rbd1 Rxd2 40.
Qxd2 Rg4 41. Ba5 Qc8 42. Qd3 Kxg7 43. Qf3 h5 44. Bb6 Rg5 0-1

[Event "45 Miedzynarodowy Festiwal Szachowy im."]
[Site "Polanica Zdroj - Nasz Dom"]
[Date "2009.08.26"]
[Round "9.5"]
[White "Szadkowski, Kamil"]
[Black "Szusterowski, Radoslaw"]
[Result "1-0"]
[WhiteElo "2167"]
[BlackElo "1969"]
[PlyCount "43"]
[EventDate "2009.??.??"]

1. e4 e6 2. d3 d5 3. Nd2 Nf6 4. Ngf3 c5 5. g3 Nc6 6. Bg2 Be7 7. O-O O-O 8. Re1
b6 9. e5 Nd7 10. Nf1 f5 11. exf6 Bxf6 12. c4 Ndb8 13. Ne3 Bb7 14. Ng4 Na6 15.
Rxe6 dxc4 16. Nxf6+ Rxf6 17. Bg5 Qd5 18. Rxf6 gxf6 19. Bxf6 Qxd3 20. Ne5 Qf5
21. Qd5+ Kf8 22. Qf7# 1-0

[Event "45 Miedzynarodowy Festiwal Szachowy im."]
[Site "Polanica Zdroj - Nasz Dom"]
[Date "2009.08.26"]
[Round "9.6"]
[White "Skawinski, Arkadiusz"]
[Black "Wasik, Piotr"]
[Result "1-0"]
[WhiteElo "2153"]
[BlackElo "1976"]
[PlyCount "73"]
[EventDate "2009.??.??"]

1. e4 c5 2. c3 Nf6 3. e5 Nd5 4. g3 Qc7 5. Qe2 Nc6 6. Bg2 Nb6 7. Nf3 g6 8. O-O
Bg7 9. Re1 O-O 10. d3 d5 11. h3 d4 12. c4 Nd8 13. Na3 Ne6 14. b3 Bd7 15. Nc2
Bc6 16. Ng5 Nxg5 17. Bxg5 Bxg2 18. Kxg2 e6 19. Qe4 h6 20. Bd2 Nd7 21. f4 a6 22.
a4 f5 23. Qf3 a5 24. Na3 Qc6 25. Nb5 Qxf3+ 26. Kxf3 Rfc8 27. Rg1 b6 28. g4 Nf8
29. gxf5 exf5 30. Rg2 Rc6 31. Rag1 Kh7 32. Be1 Re8 33. Nd6 Rxd6 34. exd6 Re3+
35. Kf2 Rxd3 36. Rg3 Rxg3 37. Kxg3 1-0

[Event "45 Miedzynarodowy Festiwal Szachowy im."]
[Site "Polanica Zdroj - Nasz Dom"]
[Date "2009.08.26"]
[Round "9.7"]
[White "Zadlo, Tomasz"]
[Black "Lach, Piotr"]
[Result "1-0"]
[WhiteElo "2076"]
[BlackElo "2148"]
[PlyCount "59"]
[EventDate "2009.??.??"]

1. e4 g6 2. d4 Bg7 3. Nf3 d6 4. h3 Nd7 5. Be3 c5 6. Nc3 cxd4 7. Nxd4 Ngf6 8.
Bd3 O-O 9. O-O Qc7 10. Ncb5 Qd8 11. c4 Nc5 12. Nc3 Nxd3 13. Qxd3 Nd7 14. Qd2
Re8 15. Bh6 Bh8 16. Kh1 Ne5 17. b3 Nc6 18. Nce2 Bd7 19. Rad1 a6 20. f4 Qb6 21.
Nf3 Red8 22. f5 Qa5 23. Qg5 Bf6 24. Qg3 Qxa2 25. Nf4 Ne5 26. Nd5 Qxb3 27. Nxf6+
exf6 28. Qh4 g5 29. Nxg5 Bc6 30. Nxh7 1-0

[Event "45 Miedzynarodowy Festiwal Szachowy im."]
[Site "Polanica Zdroj - Nasz Dom"]
[Date "2009.08.26"]
[Round "9.8"]
[White "Tomsia, Kamil"]
[Black "Szusterowski, Przemyslaw"]
[Result "1/2-1/2"]
[WhiteElo "2103"]
[BlackElo "1750"]
[PlyCount "51"]
[EventDate "2009.??.??"]

1. d4 Nf6 2. c4 c5 3. d5 e6 4. Nc3 exd5 5. cxd5 d6 6. Nf3 g6 7. e4 Bg7 8. Be2
O-O 9. O-O Re8 10. Nd2 a6 11. a4 Nbd7 12. Qc2 Qc7 13. f4 Rb8 14. h3 h5 15. Nf3
c4 16. Be3 Nc5 17. Nd2 b5 18. axb5 axb5 19. Kh2 b4 20. Bxc5 Qxc5 21. Na4 Qd4
22. Nxc4 Qxe4 23. Qxe4 Rxe4 24. Rae1 Ba6 25. b3 Nxd5 26. Bf3 1/2-1/2

[Event "45 Miedzynarodowy Festiwal Szachowy im."]
[Site "Polanica Zdroj - Nasz Dom"]
[Date "2009.08.26"]
[Round "9.9"]
[White "Kozera, Aleksandra"]
[Black "Mazalon, Mariusz"]
[Result "1/2-1/2"]
[WhiteElo "1788"]
[BlackElo "2167"]
[PlyCount "53"]
[EventDate "2009.??.??"]

1. e4 c5 2. Nf3 a6 3. d4 cxd4 4. Nxd4 Nf6 5. Nc3 e5 6. Nb3 Bb4 7. Bd3 d5 8.
exd5 Qxd5 9. O-O Bxc3 10. bxc3 O-O 11. Re1 e4 12. Be2 Nc6 13. Nd4 Bd7 14. Be3
Na5 15. Nb3 Nxb3 16. cxb3 Qf5 17. Qd6 Nd5 18. Bd4 Bc6 19. Qg3 g5 20. Bg4 Qf4
21. Qxf4 Nxf4 22. Bf5 Rfe8 23. Re3 h6 24. Rae1 Nd3 25. R1e2 Nf4 26. Re1 Nd3 27.
R1e2 1/2-1/2

[Event "45 Miedzynarodowy Festiwal Szachowy im."]
[Site "Polanica Zdroj - Nasz Dom"]
[Date "2009.08.26"]
[Round "9.10"]
[White "Wiewiora, Eneasz"]
[Black "Witek, Tomasz"]
[Result "1-0"]
[WhiteElo "2056"]
[BlackElo "2138"]
[PlyCount "63"]
[EventDate "2009.??.??"]

1. d4 Nf6 2. c4 g6 3. Nc3 Bg7 4. e4 d6 5. Nf3 O-O 6. Be2 e5 7. O-O Nc6 8. d5
Ne7 9. b4 Ne8 10. a4 Bf6 11. Be3 Bd7 12. Qb3 Nc8 13. c5 h5 14. a5 Bg4 15. c6
bxc6 16. dxc6 Bxf3 17. Bxf3 Bg5 18. Nd5 Bxe3 19. Qxe3 Ne7 20. Nxe7+ Qxe7 21.
Be2 Ng7 22. Ba6 Ne6 23. Bb7 Rab8 24. Qxa7 Nd4 25. Qa6 f5 26. Qc4+ Kh7 27. Rad1
fxe4 28. Rxd4 exd4 29. Qxd4 Rxb7 30. cxb7 c5 31. bxc5 dxc5 32. Qb2 1-0